Law relating to disciplinary proceedings in industries / (Record no. 4444)

MARC details
000 -LEADER
fixed length control field 00751 a2200205 4500
010 ## - LCCN (DPL NO)
LC control number ENG-86368
020 ## - INTERNATIONAL STANDARD BOOK NUMBER
International Standard Book Number 9788175345799
Terms of availability 250.00
035 ## - SYSTEM CONTROL NUMBER
System control number EN-69901
037 ## - SOURCE OF ACQUISITION
Source of stock number/acquisition DBAD / PUB
082 14 - DEWEY DECIMAL CLASSIFICATION NUMBER
Classification number 344.5401
100 1# - MAIN ENTRY--PERSONAL NAME
Personal name Kumar, H.L.
245 1# - TITLE STATEMENT
Title Law relating to disciplinary proceedings in industries /
Statement of responsibility, etc by H.L. Kumar [and] Gaurav Kumar
250 ## - EDITION STATEMENT
Edition statement 5th ed.
260 ## - PUBLICATION, DISTRIBUTION, ETC. (IMPRINT)
Place of publication, distribution, etc Delhi
Name of publisher, distributor, etc Universal Law Publishing
Date of publication, distribution, etc 2007
270 ## - ADDRESS
Address C-FF-1A, Dilkhush Industrial Estate, (Opp. Hans Cinema, Azadpur), G.T. Karnal Road,
City Delhi
State or province New Delhi
Postal code 110 033
Telephone number 011-27438103
Fax number 011-27458529
Electronic mail address sales@unilawbooks.com
300 ## - PHYSICAL DESCRIPTION
Extent xlix, 296p.
Dimensions 22cm (Pbk.)
500 ## - GENERAL NOTE
General note Includes index
700 ## - ADDED ENTRY--PERSONAL NAME
Personal name Gaurav Kumar
942 ## - ADDED ENTRY ELEMENTS (KOHA)
Institution code [OBSOLETE] dpl
Item type English Books
Source of classification or shelving scheme Dewey Decimal Classification
Classification part 344.5401
Call number suffix KUM
Holdings
Withdrawn status Lost status Not for loan Collection code Home library Current library Source of acquisition Cost, normal purchase price Full call number Barcode Copy number Cost, replacement price Koha item type
    Not For Loan Non-fiction D.B.Act.Division D.B.Act.Division DBAD/PUB 250.00 344.5401 KUM EN-69901 1 250.00 English Books

© Delhi Public Library
Hit Counter
free hit counter